indiana illustrated classics (Record no. 9258)

MARC details
000 -LEADER
fixed length control field 00841nam a22001817a 4500
003 - CONTROL NUMBER IDENTIFIER
control field OSt
005 - DATE AND TIME OF LATEST TRANSACTION
control field 20260318015716.0
008 - FIXED-LENGTH DATA ELEMENTS--GENERAL INFORMATION
fixed length control field 260318b |||||||| |||| 00| 0 eng d
040 ## - CATALOGING SOURCE
Original cataloging agency DWCL GS Library
Transcribing agency OC
082 ## - DEWEY DECIMAL CLASSIFICATION NUMBER
Classification number Fic. T969 2008
100 ## - MAIN ENTRY--PERSONAL NAME
Personal name Twain , Mark
245 ## - TITLE STATEMENT
Title indiana illustrated classics
Remainder of title : the adventures of huckleberry finn
300 ## - PHYSICAL DESCRIPTION
Extent 238
520 ## - SUMMARY, ETC.
Summary, etc. The Adventures of Huckleberry Finn follows Huck, a boy fleeing his abusive father, and Jim, a man escaping slavery, as they travel down the Mississippi River on a raft. They encounter various, often dangerous, adventures, highlighting themes of freedom, friendship, and moral growth, while Huck battles his society's pro-slavery views.
546 ## - LANGUAGE NOTE
Language note English
700 ## - ADDED ENTRY--PERSONAL NAME
Personal name Mark Twain
942 ## - ADDED ENTRY ELEMENTS (KOHA)
Source of classification or shelving scheme Dewey Decimal Classification
Koha item type Fiction
Classification part Fic. T969 2008
Suppress in OPAC No
952 ## - LOCATION AND ITEM INFORMATION (KOHA)
--
Holdings
Withdrawn status Lost status Source of classification or shelving scheme Damaged status Not for loan Home library Current library Shelving location Date acquired Source of acquisition Total Checkouts Full call number Barcode Date last seen Price effective from Koha item type Uniform Resource Identifier
    Dewey Decimal Classification     Grade School Library Grade School Library Fiction 03/18/2026 School Fund, Donation   Fic. T969 2008 20490 03/18/2026 03/18/2026 FIC.